MARC

Tag First Indicator Second Indicator Subfields
LEADER 00000cam a2200000 a 4500
001 in00001441221
005 20151020155123.0
008 970710s1997 txua bt 000 0 eng d
027 |a TX-97/3933-1F 
035 |a (OCoLC)37274466 
035 |9 AJB8970AM 
040 |a CBT  |c CBT  |d TXA  |d UtOrBLW 
049 |a TXAM 
090 |a TA1001  |b .R48 no.3933-1F 
100 1 |a Solaimanian, Mansour. 
245 1 0 |a Use of waste toner in asphaltic concrete /  |c by Mansour Solaimanian, Thomas W. Kennedy and Robert B. McGennis. 
264 1 |a Austin, Tex. :  |b Center for Transportation Research, Bureau of Engineering Research, the University of Texas at Austin ;  |a [Springfield, Va.] :  |b [Available through the National Technical Information Service],  |c [1997] 
300 |a vii, 42 pages, 18 unnumbered pages :  |b illustrations ;  |c 28 cm. 
336 |a text  |b txt  |2 rdacontent 
337 |a unmediated  |b n  |2 rdamedia 
338 |a volume  |b nc  |2 rdacarrier 
490 1 |a Research report ;  |v 3933-1F 
513 |a Final report. 
500 |a Sponsored by Texas Dept. of Transportation, Office of Research and Technology Transfer in cooperation with the Federal Highway Administration. 
500 |a "February 1997." 
504 |a Includes bibliographical references (page 39). 
650 0 |a Pavements, Asphalt concrete  |x Materials  |x Additives  |x Evaluation. 
650 0 |a Toners (Xerography) 
650 0 |a Waste products as road materials. 
700 1 |a Kennedy, Thomas William,  |d 1938- 
700 1 |a McGennis, Robert Benton. 
710 1 |a Texas.  |b Department of Transportation.  |b Office of Research and Technology Transfer. 
710 2 |a University of Texas at Austin.  |b Center for Transportation Research. 
830 0 |a Research report (Austin, Tex.) ;  |v no. 3933-1F. 
948 |a c:blr 
999 |a MARS 
999 f f |s 5db7aa9b-70bd-3a5b-beca-cccd9c951a44  |i 2c64a13e-6b09-398f-8376-ac17c42d727c  |t 0 
952 f f |p ric  |a Texas A&M University  |b Rellis Campus  |c Joint Library Facility  |d Remote Storage  |t 0  |e HE203 .T43 no.3933-1F  |h Library of Congress classification  |i unmediated -- volume  |m A14823548260 
998 f f |a HE203 .T43 no.3933-1F  |t 0  |l Remote Storage